| 000 | 00548nam a2200193Ia 4500 | ||
|---|---|---|---|
| 003 | GCL | ||
| 008 | 140319s9999 xx 000 0 ara d | ||
| 040 |
_aGCL / _cGCL |
||
| 082 | 0 | 4 |
_a817.9 _bى ح |
| 100 | 1 | _aيوسف عوف | |
| 245 | 1 | 0 |
_aحيجننونى / _cيوسف عوف |
| 260 |
_a[S.N] : _bالدار المصرية اللبنانية ، _c1993 |
||
| 300 | _a292 ص | ||
| 490 | _a | ||
| 650 | 0 | 4 | _aالادب العربى |
| 650 | 0 | 4 | _aالاهاجى والفكاهات |
| 650 | 0 | 4 | _aالسخرية فى الادب |
| 942 |
_2ddc _cBK |
||
| 999 |
_c29733 _d29733 |
||